| 000 | 00650nam a2200205 i 4500 | ||
|---|---|---|---|
| 001 | 95550 | ||
| 003 | ES-MaACL | ||
| 005 | 20250927063036.0 | ||
| 007 | t| | ||
| 008 | 050531s1970 sp ||||1| spa d | ||
| 100 | 1 |
_aLlopis, Bartolomé, _d1905-1966 _972825 |
|
| 245 | 1 | 0 |
_aIntrodución dialéctica a la psicopatología / _cBartolomé Llopis Lloret. |
| 260 |
_aMadrid : _bMorata, _c1970. |
||
| 300 |
_a440 p. ; _c21 cm. |
||
| 490 | 1 | _aFilosofía. Psicología. Pedagogía | |
| 650 | 4 |
_aPsicopatología. _916577 |
|
| 830 | 0 | 0 |
_aFilosofía, psicología, pedagogía _9181408 |
| 852 |
_aES-MaACL _jC-39374 _bR.75637 |
||
| 999 |
_c95550 _d95550 |
||